00423nam a22001577a 450000500170000000800410001702000270005804000090008504100120009408200160010610000180012224500530014026000450019330000080023865000190024620260316152141.0260316b |||||||| |||| 00| 0 eng d a9780141047157c1099.00 aMAIN aEnglish a801.95bCUD aCuddon, J. A. aDictionary of Literary Terms And Literary Theory aUnited State of America bPenguin c2013 a784 aHindu Studies